000 00464nam a2200169Ia 4500
003 GCL
008 140319s9999 xx 000 0 eng d
040 _aGCL /
_cGCL
082 0 4 _a371.39442
_bF T
100 1 _aFRY, EDWARD B
245 1 0 _aTEACHING MACHINES AND PROGRAMMED INSTRUCTION /
_cFRY, EDWARD B
260 _a[S.N] :
_bMC GRAW - HILL ،
_c1963
300 _a244 P
650 0 4 _aPROGRAMMED INSTRUCTION
650 0 4 _aPROGRAMMED LEARNING
942 _2ddc
_cBK
999 _c14924
_d14924